| 000 | 01345nam a22002895i 4500 | ||
|---|---|---|---|
| 001 | 167358 | ||
| 003 | ES-MaACL | ||
| 005 | 20251013220155.0 | ||
| 008 | 001011s1875 fr af |||| | fre d | ||
| 040 |
_aEUS _bspa _cEUS |
||
| 100 | 1 |
_aVeuillot, Louis ( _d1813-1883) _9133656 |
|
| 245 | 1 | 0 |
_aJésus-Christ / _cpar Louis Veuillot ; avec une étude sur l'art chrétien par E. Cartier ; ouvrage contenant 180 gravures exécutées par Huyot père et fils et 16 chromolithographies, d'après les monuments·de l'art depuis les catacombes jusqu'à nos jours. |
| 250 | _a2e. éd. | ||
| 260 |
_aParis : _bLibrairie de Firmin-Didot Frères, Fils et Cie, _c1875. |
||
| 300 |
_aVIII, 572 p., [16] h. de cromolitogr. : _bil. ; _c28 cm. |
||
| 597 | _aSignaturizado. | ||
| 597 | _aAntep. | ||
| 599 | _aLas h. de cromolitogr. : Pralon, Thurwanger, Guesnu, Compére, Kellerhoven ... [etc.] lith., Imp. Fraillery. | ||
| 599 | _aLas il. son numerosas litogr. de cuadros, grabados, frescos ... intercaladas en el texto. | ||
| 600 | 0 | 4 |
_aJesucristo. _966361 |
| 650 | 7 |
_aArte cristiano _2 _9135612 |
|
| 700 | 1 |
_aCartier, Étienne, _d1813-1887 _935897 |
|
| 700 | 1 |
_aHuyot, Étienne, _d1808-1885 _9151688 |
|
| 700 | 1 |
_aHuyot, Jules Jean Marie Joseph, _d1841-1921 _9151689 |
|
| 852 |
_aES-MaACL _jG-8281 _z-- Enc. tela |
||
| 999 |
_c167358 _d167358 |
||